00823nam a2200229 i 4500001000700000003000900007005001700016007000300033008004100036100003600077245006900113260003000182300004600212490003300258546004600291600004400337830004100381852002200422942000800444999001900452952012200471188528ES-MaACL20250829040750.0t|181213s1958 sp ||||1| spa d0 aLópez Alonso, Alfredo.97338710aGoya en el Museo del Prado / c[biografía y notas por A.L.A.]. aMadrid : bAffo, c[1958] a98 p.,11 lám., 1 lám. col. ; c17 cm.1 aColección Grandes Pintores aTexto en español, francés e inglés.14aGoya, Francisco de, d1746-1828924035300aColección grandes pintores9182117 aES-MaACLjP-146-3 2udc c188528d188528 00104070aATENEOMbATENEOMcDEPO2d2018-12-13eSCl0oP-146-3p1199454r2023-02-23 00:00:00w2023-02-23yMONOGRAFIA